The Ardabil carpets /

محفوظ في:

المؤلف الرئيسي: Stead, Rexford.

مؤلف مشترك: J. Paul Getty Museum.

التنسيق: كتاب

اللغة: English

منشور في: Malibu, Calif. : J. Paul Getty Museum, 1974.

الموضوعات:

الوسوم: إضافة وسم

لا توجد وسوم, كن أول من يضع وسما على هذه التسجيلة!

رقم الطلب: ( P )NK2809 .P4 S79 1974

LEADER 00830nam a2200229Ia 4500
003 OSt
005 20240709073606.0
008 920821s1974 caua b 000 0 eng
952 |0 0  |1 0  |2 lcc  |4 0  |7 1  |9 43831  |a ARCE  |b ARCE  |d 2022-11-24  |l 0  |o ( P )NK2809 .P4 S79 1974  |p 1028828  |r 2022-11-24 00:00:00  |w 2022-11-24  |y BK 
999 |c 50288  |d 50288 
040 |c ARCE Library 
050 4 |a ( P )NK2809 .P4 S79 1974 
100 1 |a Stead, Rexford. 
245 1 4 |a The Ardabil carpets /   |c Rexford Stead. 
264 1 |a Malibu, Calif. :   |b J. Paul Getty Museum,   |c 1974. 
300 |a 50 pages :   |b illustrations (some color) ;   |c 28 cm. 
504 |a Includes bibliographical references (p. 41-47). 
650 0 |a Islamic rugs -- Iran -- Ardabīl. 
650 0 |a Rugs, Persian -- Iran -- Ardabīl. 
710 2 |a J. Paul Getty Museum. 
901 |a reviewed 
942 |2 lcc  |c BK